000
00277nam a22001217a 4500
008
180925b xxu||||| |||| 00| 0 eng d
041
_a
eng
080
_a
712
100
_a
45
101
_a
ART
245
_a
Painting In The Rwentienth Cenruery
_c
Werner.h
942
_2
udc
_c
BK
999
_c
48444
_d
48444